000 00672nam a2200241 a 4500
001 0001-1046
003 ELIB.Books
008 141124 2010 eng
020 _a9697439355
035 _a(ELIB.Books)0001-1201
092 _a280.042
_bWaw
100 _aWaworuntu, Tony.
245 _aTo Seek Peace, Justic and Sustainable Lifestyle
_bAn Interfaith Cooperation in Asia
260 _aHong Kong
_bChristian Conference of Asia
_c2003
300 _a192
_c21.5 Cm
500 _aTaylor, Saw.
650 _aEcumenical
856 _nKBTS; Library
_uKBTS; Elib.
942 _2ddc
_cBK
990 _a1
998 _cbat
_e2014-11-24
999 _c11046
_d11046